000 00388nam a22001337a 4500
020 _a9840513583
082 _a338.95492
_bBAN
_cD
245 _aGovernment that works reforming the public sector
_cThe world bank
260 _aWashington
_bThe world bank
_c1996
300 _a147 p. :
_bill, ;
_c24 cm.
526 _a0
_b0
_c0
_d338_954920000000000_BAN
650 _aMCE
_9379
942 _2ddc
_cBK
999 _c542209
_d542209